SCH - JVLIVS - Statistiques

Statistiques générales
  • Ce quiz a été pris 87 fois
  • Le résultat moyen est 12 sur 17
Statistiques - réponses
Numero Titre % Correct
2 VNTM
91%
17 Bénéfice
90%
6 Otto
84%
14 Le code
83%
16 Ciel rouge
81%
3 Pharmacie
79%
11 Ivresse & Hennessy
78%
4 Tokarev
76%
9 Prêt à partir
74%
7 Skydweller
74%
10 Mort de rire
64%
8 Facile
62%
1 Intro - Le déluge
62%
15 Incompris
60%
12 J't'en prie
59%
5 Interlude - 420 mètres
45%
13 Interlude - Beretta 92FS
36%
Aucun quiz correspondant
Distribution des résultats
% des personnes avec chaque résultat
Percentile par nombre de réponses
Votre historique - résultats
Vous n’avez pas pris ce quiz